00578nam a2200193Ia 450000500170000000800410001702000150005808200190007324500780009226000310017030000120020165000110021365000080022465000120023270000240024494200060026895200950027499900150036920241218061304.0240331s9999 xx 000 0 und d a0942299825 bGIL22254a305 0aThird Sex Third Gender :bBeyond Sexual Dimorphism in Culture and History aNew YorkbZone Booksc1993 a614 p., aGender aSex aHistory aHerdt, Gilberteedt cL 001040708LaWERCLbWERCLcSSCd2024-03-31l0o 305 THIp2254r2024-03-31w2024-03-31yL c1506d1506